[Event "Open Marianske Lazne 2018 - A + B"]
[Site "?"]
[Date "2018.01.21"]
[Round "2"]
[White "Chekletsov, Ilya"]
[Black "Yurtseven, Melih"]
[Result "1/2-1/2"]
[WhiteElo "2373"]
[BlackElo "2404"]
[PlyCount "60"]
[EventDate "2018.??.??"]

1. d4 e6 2. c4 Nf6 3. g3 c5 4. d5 exd5 5. cxd5 d6 6. Nc3 g6 7. Bg2 Bg7 8. Nf3
O-O 9. O-O Na6 10. Nd2 Nc7 11. Nc4 Re8 12. Bf4 Bf8 13. a4 Nh5 14. Bd2 b6 15.
Re1 Ba6 16. Na3 Bb7 17. e4 Na6 18. h3 Nb4 19. g4 Nf6 20. Bf4 Nd7 21. Nc4 Ne5
22. Nxe5 dxe5 23. Be3 a6 24. Bf1 Bd6 25. Na2 Nxa2 26. Rxa2 Bc8 27. Qd2 Bd7 28.
Rea1 Qc7 29. b3 Qb7 30. Rc1 Rec8 1/2-1/2

[Event "Open Marianske Lazne 2018 - A + B"]
[Site "?"]
[Date "2018.01.21"]
[Round "2"]
[White "Obolentseva, Alexandra"]
[Black "Sari, Yasin"]
[Result "1-0"]
[WhiteElo "2315"]
[BlackElo "2309"]
[PlyCount "67"]
[EventDate "2018.??.??"]

1. d4 d5 2. c4 c6 3. Nc3 Nf6 4. cxd5 cxd5 5. f3 g6 6. e4 dxe4 7. fxe4 Bg7 8.
Bb5+ Nfd7 9. Nf3 a6 10. Bc4 Nb6 11. Bb3 O-O 12. O-O Bg4 13. Be3 Nc6 14. Ne2 Na5
15. h3 Nbc4 16. Bc1 Bxf3 17. Rxf3 Qb6 18. Kh1 Rad8 19. Rd3 e5 20. d5 f5 21. Nc3
Nxb3 22. axb3 Nd6 23. Be3 Qc7 24. Rc1 Qf7 25. Bc5 Nxe4 26. Nxe4 fxe4 27. Rd2
Rfe8 28. Be3 Rd6 29. Rc5 Rf6 30. Qc2 Rf1+ 31. Kh2 Re1 32. Rf2 Qd7 33. Rc7 Qxd5
34. Rxg7+ 1-0

[Event "Open Marianske Lazne 2018 - A + B"]
[Site "?"]
[Date "2018.01.21"]
[Round "2"]
[White "Nguyen, Thai Dai Van"]
[Black "Low, Zhen Yu Cyrus"]
[Result "1-0"]
[WhiteElo "2510"]
[BlackElo "2437"]
[PlyCount "57"]
[EventDate "2018.??.??"]

1. d4 Nf6 2. c4 g6 3. Nc3 d5 4. cxd5 Nxd5 5. e4 Nxc3 6. bxc3 Bg7 7. Nf3 c5 8.
Rb1 O-O 9. Be2 Nc6 10. d5 Bxc3+ 11. Bd2 Bxd2+ 12. Qxd2 Na5 13. h4 Bg4 14. h5
Bxf3 15. gxf3 e5 16. hxg6 fxg6 17. Qc3 Re8 18. Rd1 Qb6 19. Kf1 Rad8 20. f4 exf4
21. Rxh7 Kxh7 22. Kg2 Rxd5 23. exd5 Kh6 24. Bf3 Kg5 25. d6 Qd8 26. Qg7 Kf5 27.
Rd5+ Ke6 28. Qxg6+ Kd7 29. Bg4+ 1-0

[Event "Open Marianske Lazne 2018 - A + B"]
[Site "?"]
[Date "2018.01.21"]
[Round "2"]
[White "Janik, Igor"]
[Black "Stefansson, Hannes"]
[Result "0-1"]
[WhiteElo "2411"]
[BlackElo "2523"]
[PlyCount "90"]
[EventDate "2018.??.??"]

1. e4 e5 2. Nf3 Nc6 3. Bc4 Bc5 4. d3 Nf6 5. O-O O-O 6. c3 d5 7. exd5 Nxd5 8. b4
Be7 9. b5 Na5 10. Bxd5 Qxd5 11. c4 Qd8 12. Bd2 c5 13. Qe1 b6 14. Bxa5 bxa5 15.
Nc3 Bb7 16. Qe3 f6 17. Rad1 Qc7 18. Rfe1 Rad8 19. Na4 a6 20. bxa6 Bxa6 21. Nd2
Bb7 22. Nc3 Rd7 23. Qh3 Qd8 24. Nb3 Bc8 25. Qe3 Re8 26. Na4 Qc7 27. Naxc5 Rdd8
28. Rc1 Bf8 29. Na4 Qc6 30. Nc3 a4 31. Nd2 Bb7 32. Nf3 Bc5 33. Qe2 Qd7 34. Red1
f5 35. Ne1 Re6 36. Rb1 Rg6 37. Qxe5 Bd4 38. Qa5 Ra8 39. Qb4 Bxf2+ 40. Kxf2 Qd4+
41. Kf1 Qf4+ 42. Ke2 Bxg2 43. Rd2 Qg4+ 44. Kf2 Re8 45. Qb8 Qd4# 0-1

[Event "Open Marianske Lazne 2018 - A + B"]
[Site "?"]
[Date "2018.01.21"]
[Round "2"]
[White "Yeritsyan, Aram"]
[Black "Stocek, Jiri"]
[Result "1/2-1/2"]
[WhiteElo "2309"]
[BlackElo "2566"]
[PlyCount "129"]
[EventDate "2018.??.??"]

1. e4 c5 2. Nf3 e6 3. d4 cxd4 4. Nxd4 Nc6 5. Nb5 d6 6. c4 Nf6 7. N1c3 a6 8. Na3
Be7 9. Be2 O-O 10. O-O b6 11. Be3 Bb7 12. f3 Re8 13. Qd2 Rc8 14. Rfd1 Ne5 15.
Rac1 Qc7 16. Qd4 Ned7 17. b4 Qb8 18. Bf1 h5 19. Bf2 Ba8 20. Na4 d5 21. cxd5
Rxc1 22. Rxc1 exd5 23. Bg3 Bd6 24. Bxd6 Qxd6 25. e5 Nxe5 26. Qxb6 Bc6 27. f4
Nc4 28. Nxc4 Qxf4 29. Rc3 Bxa4 30. Rf3 Qb8 31. Qxb8 Rxb8 32. Ne5 Rxb4 33. Bxa6
Re4 34. Nd3 Bd1 35. Rf2 Ng4 36. Rd2 Be2 37. g3 g6 38. Nc5 Bxa6 39. Nxa6 d4 40.
Nc5 Re1+ 41. Kg2 Ne3+ 42. Kf2 Rh1 43. Kf3 Nf1 44. Rf2 Nxh2+ 45. Kg2 Ng4 46.
Kxh1 Nxf2+ 47. Kg2 Nd1 48. a4 Nc3 49. a5 Kf8 50. a6 Nb5 51. Nb3 d3 52. Kf3 Ke7
53. Ke3 Kd6 54. Kxd3 Kc6 55. Ke4 f6 56. Na5+ Kb6 57. Nc4+ Kxa6 58. Ne3 Kb7 59.
Nd5 Nd6+ 60. Kf3 Ne8 61. Nf4 g5 62. Nxh5 f5 63. g4 f4 64. Nxf4 gxf4 65. Kxf4
1/2-1/2

[Event "Open Marianske Lazne 2018 - A + B"]
[Site "?"]
[Date "2018.01.21"]
[Round "2"]
[White "Srinath, Rao S V"]
[Black "Neuman, Petr"]
[Result "1/2-1/2"]
[WhiteElo "2270"]
[BlackElo "2452"]
[PlyCount "50"]
[EventDate "2018.??.??"]

1. e4 c6 2. d4 d5 3. e5 Bf5 4. h4 h6 5. Bd3 Bxd3 6. Qxd3 e6 7. Nf3 Qa5+ 8. Nbd2
Qa6 9. c4 h5 10. O-O Nh6 11. b3 Nf5 12. Re1 Be7 13. g3 Nd7 14. Bb2 O-O 15. Qe2
dxc4 16. bxc4 Nb6 17. c5 Qxe2 18. Rxe2 Na4 19. Ne4 b6 20. Ba3 Rab8 21. Rc1 b5
22. Bb4 Bd8 23. Be1 Ne7 24. Nd6 Nd5 25. Ng5 Bxg5 1/2-1/2

[Event "Open Marianske Lazne 2018 - A + B"]
[Site "?"]
[Date "2018.01.21"]
[Round "2"]
[White "Pena Gomez, Manuel"]
[Black "Siekanski, Janusz"]
[Result "1/2-1/2"]
[WhiteElo "2491"]
[BlackElo "2272"]
[PlyCount "135"]
[EventDate "2018.??.??"]

1. e4 c5 2. Nf3 e6 3. d4 cxd4 4. Nxd4 Nf6 5. Nc3 d6 6. Be2 Be7 7. O-O O-O 8.
Be3 Nc6 9. f4 e5 10. Nb3 exf4 11. Rxf4 Ne8 12. Rf1 Bf6 13. Qd2 Be5 14. Bg5 Nf6
15. Bf3 Be6 16. Rad1 Na5 17. Nxa5 Qxa5 18. Nd5 Qxd2 19. Rxd2 Bxd5 20. exd5 Bxb2
21. Rb1 Be5 22. Rxb7 Rfb8 23. Rc7 Rb1+ 24. Kf2 Ne8 25. Rd7 Bxh2 26. c4 h6 27.
Be7 Rc1 28. Re2 Bg1+ 29. Kg3 Bd4 30. Bxd6 Nxd6 31. Rxd6 Rxc4 32. Rc6 Ra4 33. d6
Rd8 34. Bg4 Bf6 35. d7 Rxg4+ 36. Kxg4 Rxd7 37. Rec2 Rd4+ 38. Kf3 Rd3+ 39. Ke4
Rd4+ 40. Ke3 Ra4 41. R6c4 Ra3+ 42. Ke4 g6 43. Rc7 Ra4+ 44. Kd5 Kg7 45. Rb7 Ra5+
46. Kc4 Bh4 47. Kb4 Be1+ 48. Kb3 Ra6 49. a4 h5 50. Re2 Ba5 51. Ka3 Bb6 52. Re5
Bg1 53. Kb4 Rb6+ 54. Rxb6 axb6 55. Kc4 h4 56. Kd5 f5 57. Re1 Bf2 58. Rf1 Be3
59. Re1 Bf2 60. Re8 Kf6 61. Rg8 Kf7 62. Rc8 Kf6 63. Rf8+ Ke7 64. Rc8 Kf6 65.
Rc2 Bg1 66. Rc1 Bf2 67. Rc2 Bg1 68. Rc1 1/2-1/2

[Event "Open Marianske Lazne 2018 - A + B"]
[Site "?"]
[Date "2018.01.21"]
[Round "2"]
[White "Rosko, Lubos"]
[Black "Raahul, V S."]
[Result "0-1"]
[WhiteElo "2301"]
[BlackElo "2205"]
[PlyCount "82"]
[EventDate "2018.??.??"]

1. d4 Nf6 2. c4 g6 3. Nf3 Bg7 4. g3 O-O 5. Bg2 d6 6. O-O Nc6 7. Nc3 e5 8. d5
Ne7 9. e4 Nd7 10. Ne1 f5 11. f3 h6 12. Nd3 Nf6 13. c5 g5 14. Qb3 Kh8 15. cxd6
cxd6 16. Bd2 f4 17. g4 h5 18. h3 Neg8 19. Rac1 a6 20. a4 hxg4 21. hxg4 Nxg4 22.
fxg4 Bxg4 23. Kf2 b5 24. axb5 Qb6+ 25. Ke1 f3 26. Bh1 Bh3 27. Bxg5 Bxf1 28.
Kxf1 Bh6 29. Bxh6 Nxh6 30. Nf2 Qe3 31. Re1 Qg5 32. Ncd1 Qh5 33. Ne3 Rg8 34. Nf5
Nxf5 35. exf5 Rg3 36. Re3 e4 37. Rxe4 axb5 38. Qc3+ Kg8 39. Qf6 Ra1+ 40. Re1
Rg1+ 41. Kxg1 Rxe1# 0-1

[Event "Open Marianske Lazne 2018 - A + B"]
[Site "?"]
[Date "2018.01.21"]
[Round "2"]
[White "Kubicka, Anna"]
[Black "Kochukova, Anna"]
[Result "0-1"]
[WhiteElo "2256"]
[BlackElo "2110"]
[PlyCount "106"]
[EventDate "2018.??.??"]

1. e4 c5 2. Ne2 e5 3. g3 g6 4. Bg2 Bg7 5. O-O Ne7 6. Nbc3 O-O 7. d3 Nbc6 8. Bg5
f6 9. Be3 d6 10. Qd2 Rb8 11. f4 Nd4 12. fxe5 dxe5 13. Nd5 Nxe2+ 14. Qxe2 Nxd5
15. exd5 b6 16. c4 f5 17. Rab1 Qd6 18. Qd2 Rf7 19. a3 Rfb7 20. b4 Bf8 21. Rb2
Bg7 22. Rb3 Bf8 23. Rfb1 a6 24. Qf2 Be7 25. Qd2 Bf8 26. R3b2 Bg7 27. a4 Bf6 28.
a5 Bd8 29. Qf2 cxb4 30. axb6 a5 31. c5 Qf6 32. Ra2 g5 33. Kh1 f4 34. Bd2 Rxb6
35. cxb6 Bxb6 36. Qe2 Bb7 37. gxf4 gxf4 38. Qg4+ Kh8 39. Qe6 Qxe6 40. dxe6 f3
41. Bf1 f2+ 42. Bg2 Rg8 43. Bg5 Bxg2+ 44. Kxg2 Rxg5+ 45. Kf3 Kg7 46. Rf1 Kf6
47. Rc2 Bd4 48. Rc6 b3 49. Rc7 Kxe6 50. Rc6+ Kd7 51. Rfc1 f1=Q+ 52. Rxf1 Rf5+
53. Ke2 Rxf1 0-1

[Event "Open Marianske Lazne 2018 - A + B"]
[Site "?"]
[Date "2018.01.21"]
[Round "2"]
[White "Navrodskiy, Boris"]
[Black "German, Nikita"]
[Result "1-0"]
[WhiteElo "2101"]
[BlackElo "2229"]
[PlyCount "47"]
[EventDate "2018.??.??"]

1. d4 Nf6 2. c4 g6 3. Nc3 d5 4. cxd5 Nxd5 5. Bd2 Bg7 6. e4 Nb6 7. Be3 O-O 8. h3
e5 9. d5 c6 10. Be2 cxd5 11. exd5 e4 12. Qb3 f5 13. Rd1 N8d7 14. h4 Ne5 15. Nh3
Nbd7 16. h5 Nf6 17. d6+ Nf7 18. Ng5 Ng4 19. hxg6 hxg6 20. Nxf7 Rxf7 21. Bc4 Ne5
22. Bxf7+ Nxf7 23. d7 Bxd7 24. Qxb7 1-0

[Event "Open Marianske Lazne 2018 - A + B"]
[Site "?"]
[Date "2018.01.21"]
[Round "2"]
[White "Solozhenkin, Evgeniy"]
[Black "Hoefelsauer, Thomas"]
[Result "1/2-1/2"]
[WhiteElo "2451"]
[BlackElo "2356"]
[PlyCount "65"]
[EventDate "2018.??.??"]

1. e4 c6 2. d4 d5 3. Nc3 dxe4 4. Nxe4 Bf5 5. Ng3 Bg6 6. h4 h6 7. Nf3 e6 8. Ne5
Bh7 9. Bd3 Bxd3 10. Qxd3 Nd7 11. f4 Be7 12. Bd2 Nxe5 13. fxe5 Bxh4 14. O-O-O
Bxg3 15. Qxg3 Ne7 16. Qxg7 Rg8 17. Qxh6 Qd5 18. Kb1 O-O-O 19. Qf6 Nf5 20. Rh7
Rd7 21. Rxf7 Rxg2 22. Rxd7 Qxd7 23. Bb4 Qd5 24. a3 Qc4 25. Qf8+ Kc7 26. Ba5+ b6
27. Qf7+ Kb8 28. Bc3 Rf2 29. Qe8+ Kb7 30. Qd7+ Kb8 31. Qd8+ Kb7 32. Qd7+ Kb8
33. Qd8+ 1/2-1/2

[Event "Open Marianske Lazne 2018 - A + B"]
[Site "?"]
[Date "2018.01.21"]
[Round "2"]
[White "Steiner, Bruno"]
[Black "Solozhenkina, Elizaveta"]
[Result "1-0"]
[WhiteElo "2135"]
[BlackElo "2190"]
[PlyCount "131"]
[EventDate "2018.??.??"]

1. c4 Nf6 2. Nc3 d5 3. cxd5 Nxd5 4. g3 g6 5. Bg2 Nb6 6. d3 Bg7 7. Be3 c6 8. Qd2
h5 9. Nf3 N8d7 10. O-O O-O 11. Bh6 Nf6 12. Bxg7 Kxg7 13. Rfe1 Qc7 14. h3 e5 15.
Rac1 Re8 16. Ng5 Be6 17. b3 Rad8 18. Qb2 Bc8 19. Nb5 Qb8 20. Na3 Nfd5 21. Nc4
f6 22. Ne4 Be6 23. Nc5 Nd7 24. Nxe6+ Rxe6 25. h4 N7b6 26. a3 Re7 27. Na5 Rc7
28. Kh2 Nc8 29. b4 Nd6 30. Qb3 Nb5 31. e3 Rcd7 32. a4 Nbc7 33. b5 cxb5 34. axb5
Na8 35. Bh3 Re7 36. Qa3 Kf7 37. e4 Ndc7 38. Rc3 Rde8 39. Qb3+ Kg7 40. Rec1 Rd8
41. Qb4 Rf7 42. Nc4 Rd4 43. Qc5 Qd8 44. Ra1 Qe7 45. Qxe7 Rxe7 46. Rb3 a6 47.
bxa6 Nxa6 48. Ne3 N8c7 49. Rxb7 Kf7 50. Ra7 Nb4 51. Rb7 Nba6 52. Rb6 Nc5 53.
Rc6 Nxd3 54. Ra7 Ne8 55. Rxe7+ Kxe7 56. Nd5+ Kf7 57. Be6+ Kf8 58. Rc8 Nxf2 59.
Nc7 Nxe4 60. Rxe8+ Kg7 61. Re7+ Kh6 62. Bg8 g5 63. Ne6 Rd2+ 64. Kg1 gxh4 65.
gxh4 Ng3 66. Nf8 1-0

[Event "Open Marianske Lazne 2018 - A + B"]
[Site "?"]
[Date "2018.01.21"]
[Round "2"]
[White "Nitish, Belurkar"]
[Black "Lee, Qing Aun"]
[Result "1/2-1/2"]
[WhiteElo "2270"]
[BlackElo "2277"]
[PlyCount "52"]
[EventDate "2018.??.??"]

1. e4 c5 2. Nf3 e6 3. c3 Nf6 4. e5 Nd5 5. d4 cxd4 6. cxd4 d6 7. a3 Nc6 8. Bd3
g6 9. O-O Bg7 10. Qe2 O-O 11. Re1 b6 12. Nc3 Nxc3 13. bxc3 dxe5 14. dxe5 Bb7
15. Bg5 Qc7 16. Rad1 Rac8 17. h4 Ne7 18. c4 Bxf3 19. Qxf3 Nc6 20. Bf6 Bxf6 21.
exf6 Ne5 22. Qf4 Nd7 23. Qg5 Rfd8 24. Re3 Qc5 25. Qf4 Qc7 26. Qg5 Qc5 1/2-1/2

[Event "Open Marianske Lazne 2018 - A + B"]
[Site "?"]
[Date "2018.01.21"]
[Round "2"]
[White "Sivakumar, Ashvin"]
[Black "Lukasiewicz, Krzysztof"]
[Result "0-1"]
[WhiteElo "2208"]
[BlackElo "2218"]
[PlyCount "110"]
[EventDate "2018.??.??"]

1. d4 d5 2. c4 e6 3. Nc3 Nf6 4. Bg5 Be7 5. Nf3 h6 6. Bxf6 Bxf6 7. e3 O-O 8. Rc1
c6 9. h4 Nd7 10. g4 e5 11. g5 hxg5 12. hxg5 Bxg5 13. cxd5 cxd5 14. dxe5 Nb6 15.
Bd3 Bh6 16. Bc2 Be6 17. Qd3 Re8 18. Rd1 Rc8 19. Qh7+ Kf8 20. Nd4 Qg5 21. Nxe6+
fxe6 22. Bg6 Red8 23. Kf1 Ke7 24. Rh5 Rh8 25. Rxg5 Rxh7 26. Rg4 Rhh8 27. Nb5
Nc4 28. Nd6 Nxd6 29. exd6+ Kxd6 30. Ra4 a6 31. e4 Bg5 32. Kg2 Rh6 33. e5+ Kxe5
34. Bd3 Kd6 35. Rb4 Rc7 36. Rb6+ Kc5 37. Rb3 Rf7 38. Be2 Bf4 39. Rh3 Rf5 40.
Rxh6 gxh6 41. b4+ Kd6 42. a4 Be5 43. a5 Rg5+ 44. Kf3 Bc3 45. Rb1 e5 46. b5 Bd2
47. Bf1 e4+ 48. Ke2 Bxa5 49. bxa6 bxa6 50. Ra1 d4 51. f3 d3+ 52. Ke3 d2 53.
Bxa6 exf3 54. Kxf3 Rf5+ 55. Kg2 Re5 0-1

[Event "Open Marianske Lazne 2018 - A + B"]
[Site "?"]
[Date "2018.01.21"]
[Round "2"]
[White "Heimrath, Reiner"]
[Black "Makarian, Rudik"]
[Result "1/2-1/2"]
[WhiteElo "2260"]
[BlackElo "2138"]
[PlyCount "86"]
[EventDate "2018.??.??"]

1. Nf3 c5 2. g3 b6 3. Bg2 Bb7 4. O-O Nf6 5. c4 e6 6. Nc3 Be7 7. b3 d6 8. d4
cxd4 9. Nxd4 Bxg2 10. Kxg2 O-O 11. Bb2 a6 12. Qd2 Qc7 13. Rfd1 Nbd7 14. Rac1
Rac8 15. Kg1 Qb7 16. Qe3 Ne5 17. h3 Rfe8 18. Ba3 Qb8 19. f4 Nc6 20. Nxc6 Rxc6
21. Qf3 Rcc8 22. Qd3 Red8 23. Kh2 h5 24. e3 Bf8 25. Qe2 g6 26. Bb2 Bg7 27. Rc2
b5 28. cxb5 axb5 29. Rdc1 b4 30. Na4 h4 31. gxh4 Ne4 32. Bxg7 Kxg7 33. h5 g5
34. Qg2 Rxc2 35. Rxc2 f5 36. fxg5 d5+ 37. Kg1 d4 38. exd4 Rxd4 39. Nb2 Qf4 40.
g6 Rd5 41. h6+ Qxh6 42. Rc7+ Kg8 43. Rc8+ Kg7 1/2-1/2

[Event "Open Marianske Lazne 2018 - A + B"]
[Site "?"]
[Date "2018.01.21"]
[Round "2"]
[White "Narendran, Gouthaman"]
[Black "Voinikonis, Nikita"]
[Result "0-1"]
[WhiteElo "2106"]
[BlackElo "2218"]
[PlyCount "68"]
[EventDate "2018.??.??"]

1. e4 c5 2. Nf3 d6 3. d4 cxd4 4. Nxd4 Nf6 5. Nc3 a6 6. Bg5 e6 7. f4 Be7 8. Qf3
h6 9. Bh4 Qc7 10. O-O-O Nbd7 11. g4 g5 12. fxg5 Ne5 13. Qe2 Nfxg4 14. h3 hxg5
15. Bg3 Bd7 16. Bg2 Nf6 17. Rhf1 O-O-O 18. Kb1 Be8 19. Nb3 Nh5 20. Bh2 Ng6 21.
Qg4 Kb8 22. Rd2 Nhf4 23. Bg1 b5 24. Bd4 Rh4 25. Qg3 Nxg2 26. Rxg2 b4 27. Ne2
Rxe4 28. Qf2 Rc8 29. Ng3 Rf4 30. Qe1 Bb5 31. Qxb4 e5 32. a4 d5 33. Qe1 Bxf1 34.
Nxf1 exd4 0-1

[Event "Open Marianske Lazne 2018 - C"]
[Site "Marianske Lazne (CZE)"]
[Date "2018.01.22"]
[Round "3"]
[White "Kolasinski, Krzysztof"]
[Black "Kolbus, Dietmar"]
[Result "1/2-1/2"]
[WhiteElo "2053"]
[BlackElo "2322"]
[PlyCount "83"]
[EventDate "2018.01.20"]

1. d4 Nf6 2. c4 g6 3. Nc3 Bg7 4. e4 d6 5. Be2 Na6 6. Bg5 h6 7. Be3 e5 8. dxe5
dxe5 9. Qxd8+ Kxd8 10. O-O-O+ Nd7 11. c5 c6 12. Bc4 Ke7 13. Bxa6 bxa6 14. Rd6
Nb8 15. Nf3 Be6 16. Rhd1 Rc8 17. Ne1 Nd7 18. Nd3 Rab8 19. f4 Ke8 20. f5 gxf5
21. exf5 Bxf5 22. Bxh6 Bxh6+ 23. Rxh6 Ke7 24. h3 Bg6 25. Rh4 Bxd3 26. Rxd3 Nxc5
27. Re3 Ke6 28. Rh6+ f6 29. Ne2 Rh8 30. Rxh8 Rxh8 31. b4 Nd7 32. Nd4+ Kd5 33.
Nf5 Rh7 34. g4 e4 35. Kd2 Ne5 36. Ke2 Nd3 37. h4 Nxb4 38. h5 Nd3 39. Ng3 Nc5
40. Rc3 Nd7 41. Ke3 Ne5 42. Nxe4 1/2-1/2

[Event "Open Marianske Lazne 2018 - C"]
[Site "Marianske Lazne (CZE)"]
[Date "2018.01.22"]
[Round "3"]
[White "Dambrauskas, Virginijus"]
[Black "Baum, Jonasz"]
[Result "1-0"]
[WhiteElo "2315"]
[BlackElo "2064"]
[PlyCount "59"]
[EventDate "2018.01.20"]

1. d4 d5 2. c4 e6 3. Nc3 Nf6 4. Bg5 Nbd7 5. cxd5 exd5 6. e3 c6 7. Bd3 Be7 8.
Qc2 Nh5 9. Bxe7 Qxe7 10. O-O-O Nb6 11. Kb1 g6 12. h3 Ng7 13. g4 Be6 14. Nf3
O-O-O 15. Na4 Qb4 16. Nxb6+ Qxb6 17. Rc1 Kb8 18. Qa4 Bd7 19. Qa3 Ne6 20. Rc3 h5
21. Rhc1 hxg4 22. hxg4 Qc7 23. Ne5 Rh2 24. f4 Bc8 25. Ba6 Rhh8 26. Rxc6 bxc6
27. Nxc6+ Qxc6 28. Rxc6 Rh1+ 29. Rc1 Rdh8 30. Qd6+ 1-0

[Event "Open Marianske Lazne 2018 - C"]
[Site "Marianske Lazne (CZE)"]
[Date "2018.01.22"]
[Round "3"]
[White "Strukova, Ksenia"]
[Black "Grela, Kacper"]
[Result "0-1"]
[WhiteElo "2024"]
[BlackElo "2294"]
[PlyCount "114"]
[EventDate "2018.01.20"]

1. e4 c5 2. Nf3 d6 3. d4 cxd4 4. Nxd4 Nf6 5. Nc3 a6 6. Be2 e5 7. Nb3 Be7 8. O-O
O-O 9. Be3 Nc6 10. a4 Be6 11. Bf3 Nb4 12. g3 Rc8 13. Re1 d5 14. exd5 Nfxd5 15.
Nxd5 Nxd5 16. Bd2 Qc7 17. Rc1 Rfd8 18. Qe2 Nb4 19. Bc3 Na2 20. Rcd1 Nxc3 21.
bxc3 Rxd1 22. Rxd1 Qxc3 23. Bxb7 Qxc2 24. Qxc2 Rxc2 25. Na5 g6 26. Be4 Rb2 27.
Bd5 Bc5 28. Bxe6 Bxf2+ 29. Kf1 fxe6 30. Nc4 Ra2 31. Rd8+ Kg7 32. Nxe5 Bc5 33.
Nd3 Be7 34. Rd7 Kf6 35. Rd4 Rxh2 36. Rf4+ Kg7 37. Re4 Kf7 38. Ne5+ Ke8 39. Nc4
Ra2 40. Ne3 Kd7 41. Nc4 Bc5 42. Rh4 Kc6 43. Rxh7 Kd5 44. Rh4 Bd4 45. Na5 Rxa4
46. Nb3 Rb4 47. Nxd4 Rxd4 48. Rh6 Rg4 49. Kf2 e5 50. Kf3 Rg5 51. g4 e4+ 52. Kf4
Re5 53. Rxg6 e3 54. Rg8 e2 55. Rd8+ Kc6 56. Kxe5 e1=Q+ 57. Kf5 Qa5+ 0-1

[Event "Open Marianske Lazne 2018 - C"]
[Site "Marianske Lazne (CZE)"]
[Date "2018.01.22"]
[Round "3"]
[White "Molnar, Bela"]
[Black "Vacha, Jaroslav"]
[Result "1-0"]
[WhiteElo "2278"]
[BlackElo "2028"]
[PlyCount "37"]
[EventDate "2018.01.20"]

1. e4 d5 2. exd5 Qxd5 3. Nc3 Qa5 4. d4 e5 5. Nf3 Bg4 6. h3 exd4 7. Qxd4 Be6 8.
Bd2 Nc6 9. Bb5 Rd8 10. Nd5 Rxd5 11. Qxd5 Bxd5 12. Bxa5 Bd6 13. O-O-O Nge7 14.
Rhe1 O-O 15. Bxc6 bxc6 16. c4 Bxf3 17. gxf3 Ng6 18. Bc3 f6 19. Re6 1-0

[Event "Open Marianske Lazne 2018 - C"]
[Site "Marianske Lazne (CZE)"]
[Date "2018.01.22"]
[Round "3"]
[White "Laszczak, Przemyslaw"]
[Black "Giemsa, Alexander"]
[Result "1/2-1/2"]
[WhiteElo "2100"]
[BlackElo "1894"]
[PlyCount "110"]
[EventDate "2018.01.20"]

1. d4 e5 2. dxe5 Nc6 3. Nf3 Qe7 4. g3 Nxe5 5. Nxe5 Qxe5 6. Bg2 Bc5 7. O-O d6 8.
Bd2 Nf6 9. Bc3 Qg5 10. Nd2 h5 11. Nf3 Qg4 12. Qd3 Bd7 13. b4 Bb6 14. a4 Bf5 15.
e4 Nxe4 16. a5 Nxg3 17. Rfe1+ Kd8 18. Qd1 Bxf2+ 19. Kxf2 Ne4+ 20. Rxe4 Bxe4 21.
Qd2 Re8 22. Re1 Bc6 23. Qg5+ Qxg5 24. Rxe8+ Kxe8 25. Nxg5 Bxg2 26. Kxg2 Ke7 27.
Kf3 f6 28. Ne4 Ke6 29. Bd4 b6 30. a6 c5 31. Bc3 d5 32. Nf2 Rc8 33. b5 d4 34.
Bd2 Rd8 35. Bf4 g5 36. Bd2 Rd5 37. Nd3 c4 38. Nb4 Rxb5 39. Nc6 Rb2 40. Nxd4+
Kd5 41. Bc3 Ra2 42. Nb5 Ke6 43. Ke4 f5+ 44. Kd4 Rxc2 45. Kxc4 Rxh2 46. Kb3 f4
47. Nxa7 f3 48. Nc6 f2 49. a7 f1=Q 50. Nd4+ Kd7 51. a8=Q Qb1+ 52. Kc4 Qf1+ 53.
Kb4 Qb1+ 54. Nb3 Rh4+ 55. Ka3 Qe4 1/2-1/2

[Event "Open Marianske Lazne 2018 - C"]
[Site "Marianske Lazne (CZE)"]
[Date "2018.01.22"]
[Round "3"]
[White "Tchernyi, Viktor"]
[Black "Smelykh, Edvin"]
[Result "1/2-1/2"]
[WhiteElo "2071"]
[BlackElo "1820"]
[PlyCount "41"]
[EventDate "2018.01.20"]

1. e4 c5 2. Nf3 e6 3. d4 cxd4 4. Nxd4 a6 5. c4 Qc7 6. Nc3 Nc6 7. Be2 Nf6 8. O-O
Nxd4 9. Qxd4 Bc5 10. Qd3 b6 11. a3 Bb7 12. b4 Be7 13. Bb2 d6 14. Rac1 O-O 15.
f4 Rfd8 16. Qe3 Nd7 17. Rfd1 Rac8 18. Na4 Qc6 19. Nc3 Qc7 20. Na4 Qc6 21. Nc3
1/2-1/2

[Event "Open Marianske Lazne 2018 - C"]
[Site "Marianske Lazne (CZE)"]
[Date "2018.01.22"]
[Round "3"]
[White "Neckar, Lubomir"]
[Black "Brunova, Blanka"]
[Result "1-0"]
[WhiteElo "2293"]
[BlackElo "1918"]
[PlyCount "39"]
[EventDate "2018.01.20"]

1. Nf3 Nf6 2. g3 g6 3. Bg2 Bg7 4. c4 O-O 5. d4 d6 6. Nc3 Nbd7 7. O-O e5 8. h3
c6 9. e4 exd4 10. Nxd4 a5 11. Re1 Re8 12. b3 Nc5 13. Rb1 d5 14. cxd5 cxd5 15.
exd5 Rxe1+ 16. Qxe1 Nxd5 17. Nxd5 Bxd4 18. Be3 Bxe3 19. Qxe3 Bf5 20. Ne7+ 1-0

[Event "Open Marianske Lazne 2018 - C"]
[Site "Marianske Lazne (CZE)"]
[Date "2018.01.22"]
[Round "3"]
[White "Werndl, Erich"]
[Black "Duzy, Stefan"]
[Result "1/2-1/2"]
[WhiteElo "2200"]
[BlackElo "1942"]
[PlyCount "27"]
[EventDate "2018.01.20"]

1. e4 c5 2. Nf3 Nc6 3. Nc3 d6 4. d4 cxd4 5. Nxd4 Nf6 6. Be2 g6 7. Be3 Bg7 8.
O-O O-O 9. h3 d5 10. exd5 Nxd5 11. Nxd5 Nxd4 12. Bxd4 Qxd5 13. Bxg7 Qxd1 14.
Rfxd1 1/2-1/2

[Event "Open Marianske Lazne 2018 - C"]
[Site "Marianske Lazne (CZE)"]
[Date "2018.01.22"]
[Round "3"]
[White "Chekletsov, Egor"]
[Black "Tatarintsev, Mikhail"]
[Result "1-0"]
[WhiteElo "2039"]
[BlackElo "1812"]
[PlyCount "43"]
[EventDate "2018.01.20"]

1. d4 d5 2. c4 c6 3. cxd5 cxd5 4. Nf3 Nf6 5. Nc3 Nc6 6. Bf4 e6 7. e3 a6 8. Bd3
Bd6 9. Bg3 O-O 10. Rc1 Bxg3 11. hxg3 Bd7 12. Ne5 Be8 13. Bxh7+ Kh8 14. Bb1+ Kg8
15. Ng4 g6 16. Qf3 Kg7 17. Nxf6 Qxf6 18. Rh7+ Kxh7 19. Qxf6 Rh8 20. Ke2 Kg8 21.
Na4 Rc8 22. Nc5 1-0

[Event "Open Marianske Lazne 2018 - C"]
[Site "Marianske Lazne (CZE)"]
[Date "2018.01.22"]
[Round "3"]
[White "Hopfgartner, Heinz"]
[Black "Pawlak, Wojciech Zbigniew"]
[Result "1-0"]
[WhiteElo "2082"]
[BlackElo "1694"]
[PlyCount "29"]
[EventDate "2018.01.20"]

1. d4 d5 2. c4 e6 3. Nf3 Nf6 4. g3 c6 5. Bg2 dxc4 6. Ne5 Bb4+ 7. Nc3 Nbd7 8.
Nxc4 Nd5 9. Bd2 Rb8 10. O-O O-O 11. Qc2 b5 12. Ne3 Bb7 13. Rfd1 a6 14. Rac1 Qb6
15. Ncxd5 1-0

[Event "Open Marianske Lazne 2018 - D"]
[Site "Marianske Lazne (CZE)"]
[Date "2018.01.22"]
[Round "3"]
[White "Chmelik, Jiri"]
[Black "Baum, Bernd"]
[Result "1/2-1/2"]
[WhiteElo "1999"]
[BlackElo "2314"]
[PlyCount "47"]
[EventDate "2018.01.20"]

1. d4 d5 2. c4 c6 3. Nf3 Nf6 4. Nc3 e6 5. e3 Nbd7 6. Qc2 b6 7. b3 Bb7 8. Bd3
Be7 9. O-O O-O 10. Bb2 Rc8 11. Qe2 Qc7 12. Rac1 Rfe8 13. Rfd1 Qb8 14. Ne5 Nxe5
15. dxe5 Nd7 16. f4 Rcd8 17. Qc2 g6 18. Kh1 Bf8 19. Be2 Bg7 20. Bf3 f6 21. exf6
Bxf6 22. g3 Nc5 23. b4 Nd7 24. a3 1/2-1/2

[Event "Open Marianske Lazne 2018 - D"]
[Site "Marianske Lazne (CZE)"]
[Date "2018.01.22"]
[Round "3"]
[White "Stigar, Petter"]
[Black "Beglyj, Mikhail"]
[Result "1-0"]
[WhiteElo "2211"]
[BlackElo "1992"]
[PlyCount "65"]
[EventDate "2018.01.20"]

1. Nf3 c5 2. c4 Nc6 3. Nc3 g6 4. e3 Bg7 5. d4 cxd4 6. exd4 d6 7. h3 Nh6 8. d5
Nb8 9. Bf4 f6 10. Be2 Na6 11. Qd2 Nf7 12. Nd4 Nc7 13. Be3 e5 14. dxe6 Nxe6 15.
Rd1 a6 16. Nxe6 Bxe6 17. Nd5 Rc8 18. O-O O-O 19. b3 Kh8 20. Qb4 Bxd5 21. Rxd5
Qc7 22. Rfd1 Rfe8 23. Qd2 Re6 24. c5 Bf8 25. Bf4 Rce8 26. Bc4 b5 27. cxb6 Qxb6
28. Ra5 Ne5 29. Bxe6 Rxe6 30. Be3 Qb7 31. Qd5 Qxd5 32. Rdxd5 Nc6 33. Ra4 1-0